000
00201nam a2200085 4500
001
1257785
005
20260219143100.0
245
_a
KUR'AN-I KERİM TEFSİR 2
_c
SEYİT AHMET YAKA
260
_b
KİTAP DÜNYASI
999
_c
1257785
_d
1257785